000 00865nam a22002417a 4500
005 20251108174557.0
008 250721s2008 xx 000 0 ara d
082 1 4 _a320.510962/بطو
100 1 _aالبطوش، بسام عبد السلام
_eمؤلف
245 1 0 _aجذور الليبرالية العربية : ( الحالة المصرية ) /
264 1 _aعمان :
_bدار كنوز المعرفة العلمية للنشر و التوزيع،
_c2008.
300 _a221 ص.
650 1 7 _aالليبراليه
650 1 7 _aالديمقراطيه
650 1 7 _aالثقافه السياسيه
650 1 7 _aالفكر العربي
650 1 7 _aالايدلوجيات السياسبه
650 1 7 _aالاحزاب السياسيه
650 1 7 _aمصر
650 1 7 _aالجمهوريه المصريه
942 _2ddc
_cBK
999 _c112681
_d112681